00317nam a22001097a 4500008004500000020001500045082001300060100001900073245004700092260005800139300001000197220517b 2000 ||||| |||| 00| 0 eng d a0070402132 a530bVEE aVeerarajan, T. aEngineering mathematics (for semester III) aNew DelhibTata McGraw Hill Publishing Co. Ltd.c2000 a641p.